00653 2200229 4500001002100000005001500021035002000036007000300056008004100059020001800100082001200118084001800130100001800148245011100166250001100277260004000288300003600328600001700364990001400381990001400395990001400409INLIS00000000001040320250915030134 a0010-0925000001ta250915 g 0 ind  a9786029473711 a345.598 a345.598 ROH k0 aRohmat kurnia1 aKUHAP & KUHP :bKitab Undang Undang Hukum Acara Pidana & Kitab Undang Undang Hukum Pidana /cRohmat kurnia acet. 1 aJakarta :bBee Media Pustaka,c2018 a360 hlm :bilus ;c17.5 x 25 cm 4aHukum Pidana a025.00086 a025.00087 a025.00088